Quizzes
Events
Quiz Creation
Community
Videos
Private Events
Remove Ads
Sign In
Join for FREE
Feedback
Dark Mode
Quiz Categories
Sports
Geography
Music
Movies
Television
Just For Fun
Miscellaneous
History
Literature
Language
Science
Gaming
Entertainment
Religion
Holiday
For Kids
Quiz Lab
Recent
Popular Today
Quiz Kudos Today
Editor Picks
Curator Picks
Quizzes by...
Day
Popularity
Type
Ratings
Length
Year
Community
Subscriptions
Recent Discussions
Orange Saloon
Badges
Playlists
Quests
Create
Leaderboards
Showdown
Live 5
Trivia Bingo
Activity
Puzzle Library
Sporcle Events
Private Events
Virtual Trivia
Globe League
Become a Host
Pub Owners
SporcleCon
Opinionation
Our Games
Videos
Blog
Mobile Apps
Partnerships
Remove Ads and Go Orange
Feedback
Sports
Athletes
MLB
NBA
NHL
NFL
Soccer
Sports Teams
WWE
NCAA
Football
Premier League
Basketball
Baseball
Hockey
Golf
Tennis
Cricket
Rugby
Auto Racing
Olympics
World Cup
Sports
Athletes
MLB
NBA
NHL
NFL
Soccer
Sports Teams
WWE
NCAA
Football
Premier League
Basketball
Baseball
Hockey
Golf
Tennis
Cricket
Rugby
Auto Racing
Olympics
World Cup
Random Quiz
Search Sporcle
×
Quiz Lab
Quiz Lab
Sports
NFL
Type in answers that appear in a list
Type in answers that appear in a list
Classic
Best Score? Go Orange.
Your favorite NFL team Stats
Can you name the Your Favorite NFL Team?
By
mattymat
60s
35 Questions
453 Plays
453 Plays
453 Plays
Comments
Comments
Give Quiz Kudos
Give Quiz Kudos
-
- Ratings
hide this ad
More Info
Forced Order
Answers have to be entered in order
Answers have to be entered in order
Replay
Link that replays current quiz
Next Quiz
Link to next quiz in quiz playlist
You Got
0%
They Got
Avg Score
27%
Avg Friend Score
Upgrade to see
Score Distribution
Jump to the score distribution portion of the page
Score
0/35
Timer
01:00
0
Plays Today
team
type in yes for your favorite team
% Correct
49ers
yes
39.1%
Vikings
yes
35.5%
Packers
yes
34%
Eagles
yes
32.7%
Lions
yes
32.2%
Giants
yes
31.3%
Bears
yes
31.1%
I prefer baseball
yes
30.2%
Cowboys
yes
30.2%
Raiders
yes
30.2%
Chargers
yes
29.4%
Redskins
yes
29.1%
Seahawks
yes
29.1%
Patriots
yes
28.3%
Steelers
yes
28%
Jets
yes
27.2%
Saints
yes
26.9%
Cardinals
yes
26.7%
team
type in yes for your favorite team
% Correct
Ravens
yes
26.7%
Browns
yes
26.5%
Buccaneers
yes
26.3%
Colts
yes
26.3%
I prefer basketball
yes
25.8%
Rams
yes
25.6%
Bills
yes
25.4%
I prefer hockey
yes
25.2%
Falcons
yes
25.2%
Bengals
yes
25.2%
Dolphins
yes
25.2%
Titans
yes
24.9%
Panthers
yes
24.5%
Broncos
yes
23.8%
Chiefs
yes
23.8%
Jaguars
yes
23.8%
Texans
yes
23.2%
Quiz Playlist
Details
Report
Send in Message
Add To Playlist
More Info:
all you have to do is find your favorite team and type in yes. and then end the quiz
Classic:
Type in answers that appear in a list
Forced Order:
Answers have to be entered in order
Last Updated: Feb 16, 2017
Quiz Scoreboard
CHALLENGE
Sign Up to Join the Scoreboard
Show All
Scores
Hide
Comments
May contain spoilers
Recently Published
Movies - When Are They Set?
by FPL_Elf
Movies
5m
Popular People in 1961
by mucciniale
History
6m
1-10 Letter E Words III
by El_Dandy
Language
2m
More to Explore
Quiz From the Vault
Featured Blog Post
Where Did the Easter Bunny Come From?
hide this ad
You Might Also Like...
Tags
NFL Quiz
Favorite
least
team
Yes
Today's Top Quizzes in Sports
Browse Sports
hide this ad
Today's Top Quizzes in NFL
Browse NFL
Top Contributed Quizzes in Sports
1
Les meilleurs buteurs des matchs entre le PSG et l’OM
2
FIFA Club World Cup Champions
3
Les entraîneurs de l'OM et du PSG au 21e siècle
4
2022 World Cup Stars
5
Name the Premier League winners with different clubs
6
La finale Lions - Afrique du Sud 2021
7
Criteria MLB: Left Handed Sluggers
8
Les joueurs passés par le LOSC et le RC Lens
9
Players with Multiple 50 Home Run Seasons
10
MLB Players with Two .350 Batting Average Seasons
Explore More
Trending Topics
Marvel
Disney
Anime
NBA
Kpop
Crossword
Harry Potter
Puzzle
Soccer
Song
Pokémon
WWE
The Office
NFL
Country
hide this ad
More By:
mattymat
Quiz
Plays
Rating
Category
Featured
Created
60 Second Blitz: NFL Teams
358,842
4.32
Just For Fun
Mar 13, 2010
The NFL Quiz
1,767
2.00
Sports
May 4, 2010
120 Second Blitz: US States
1,763
3.20
Just For Fun
May 6, 2010
60 second blitz: MLB teams
714
2.33
Just For Fun
Apr 18, 2010
candy bar logos
582
2.17
Just For Fun
May 1, 2010
Go to Creator's Profile
Score Distribution
Quiz Creator Spotlight
mattymat
Follow
Send a Message
Quizzes Created
-
Created Quiz Play Count
-
More By This Creator
Popular Quizzes Today
1
Find the US States - No Outlines Minefield
2
Find the Countries of Europe - No Outlines Minefield
3
The Countries of the World
4
Popular People in 1961
5
1-10 Letter E Words III
6
US States
7
Find the US States
8
One Thing in Common: World Cities II
More Sports Quizzes
Dallas Mavericks Stat Leaders 2010s
Quiz Lab
Trending Quizzes
Risky Map Clicking: Least Populous States A-Z
1-10 Letter F Words
Humor Books: The Subtitles
1-10 Letter G Words
One Thing in Common: United Kingdom
Recently Updated
Leaping Animals
pecheneg
Reality TV Shows (A-Z)
bhenderson79
Rickey Henderson's Hall of Fame Teammates
pecheneg
Champions League XIs: Arsenal
pecheneg
Quick Pick: Celebrities in WWE's Hall of Fame
aduchscher
A-Z Keypad Blitz II
pecheneg
Multiple Oscar Actors
pecheneg
Mystery Phrase Blitz: Oscar 'Best Actors'
pecheneg
F. Scott Fitzgerald Novels
LTH
Pick 3 Villains
ddd62291
Trending Topics
Anime
NBA
Kpop
Marvel
Harry Potter
Disney
Crossword
Song
The Office
NFL
Soccer
Country
WWE
Pokémon
Puzzle
Your Account Isn't Verified!
In order to create a playlist on Sporcle, you need to verify the email address you used during registration. Go to your
Sporcle Settings
to finish the process.
Report this User
Report this user for behavior that violates our
Community Guidelines
.
Details:
Send Report
Go to the Sporcle.com Mobile Site →
Comments